000 00232 a2200085 4500
020 _a978-0262543026
100 _aPhilippa Lewis
245 _aStories from Architecture: Behind the Lines at Drawing Matter
260 _bThe MIT Press
_c 2021
999 _c13353
_d13353